00470nam a22001577a 450000500170000001000150001702000260003203500140005803700130007208200110008524500710009626000540016727000540022130000210027570000160029620150923125253.0 aENG-113730 a9789383945023c300.00 aEN- 97262 bDBAD/PUB a547.03 aDictionary of organic chemistry /cedited & compiled by Ananth Pai aGreater NoidabNucleus Books & Encyclopediac2015 a2nd Floor, B-31, Packet P3bGreater Noidae201308 a196p.c22cm(pbk) aPai, Ananth